Errate den Songtext ohne das Lied zu kennen #7 - Statistiken

Allgemein
  • Dieses Quiz wurde 1.099 mal gespielt
  • Das Durchschnittsergebnis liegt bei 114 aus 246
Antwortstatistiken
Antwort % Korrekt
I
99%
a
94%
You
91%
you
91%
me
81%
the
78%
we
75%
and
72%
And
72%
be
71%
when
62%
on
57%
it
56%
am
55%
have
55%
is
52%
my
52%
Your
51%
in
49%
know
47%
know,
47%
that
47%
not
44%
For
43%
for
43%
don't
40%
one
40%
so
40%
what
39%
I'm
35%
only
35%
But
33%
had
32%
us
32%
By
30%
can't
30%
this
30%
say
29%
think
26%
why
26%
baby
25%
now
25%
Now
25%
done
24%
or
24%
just
23%
heart
22%
let
21%
call
20%
need
20%
down
19%
made
19%
would
19%
'Cause
18%
'cause
18%
every
18%
mine
18%
been
17%
here
17%
up
17%
you've
17%
You've
17%
way
16%
crazy
15%
loved
15%
better
14%
over
13%
believe
12%
end
11%
still
10%
worse
10%
I've
9%
wish
9%
Even
8%
Maybe
8%
though
8%
hurts
7%
many
7%
vow
7%
years
7%
enough
6%
tear
6%
fear
4%
months
4%
realize
4%
Denying
3%
doubts
3%
knows
3%
lying
3%
sadly
3%
deepest
2%
Lord
2%
tearing
2%
unavailable
2%
unobtainable
2%
kept
1%
proof's
1%
Keine übereinstimmenden Quizze gefunden
Verteilung der Resultate
Anzahl Personen mit jedem Resultat
Perzentil nach korrekt beantworteten Fragen
Ihre Resultats-Entwicklung
Sie haben dieses Quiz noch nicht gespielt